Empleo y economía del trabajo en el Ecuador: algunas propuestas para superar la crisis /
Đã lưu trong:
| Tác giả chính: | |
|---|---|
| Tác giả khác: | , , , , , , , , , |
| Định dạng: | Texto |
| Được phát hành: |
Quito:
ILDIS- Fundación Friedrich Ebert. ABYA YALA
|
| Các nhãn: |
Thêm thẻ
Không có thẻ, Là người đầu tiên thẻ bản ghi này!
|
MARC
| LEADER | 00000 a a2200000 04500 | ||
|---|---|---|---|
| 001 | 34659 | ||
| 003 | |||
| 040 | |||
| 020 | |a 9978-04-671-2 | ||
| 022 | |a 9978-04-671-2 | ||
| 090 | |a 1001 C787e | ||
| 100 | |a Coraggio, José Luis | ||
| 245 | |a Empleo y economía del trabajo en el Ecuador: algunas propuestas para superar la crisis / |c José Luis Coraggio | ||
| 260 | |a Quito: |b ILDIS- Fundación Friedrich Ebert. ABYA YALA | ||
| 300 | |a 189 p. | ||
| 700 | |a Espinoza, Petronio | ||
| 700 | |a Guerrero, Rafael | ||
| 700 | |a Larrea, Carlos | ||
| 700 | |a León, Mauricio | ||
| 700 | |a Orbe, Jorge | ||
| 700 | |a Patiño, Ricardo | ||
| 700 | |a Ponce, Juan | ||
| 700 | |a Sánchez, Jeannette | ||
| 700 | |a Velasco, Margarita | ||
| 700 | |a Moncada S., José | ||
| 999 | |c 8139 |d 8139 | ||



